ՀՀ Գիտությունների ազգային ակադեմիայի հիմնարար գիտական գրադարան  =   Fundamental Scientific Library of NAS RA

Социальные проблемы совершенствования общества развитого социализма : (Record no. 274512)

MARC details
000 -LEADER
fixed length control field 01075nam a2200193 a 4500
001 - CONTROL NUMBER
control field 000742257
003 - CONTROL NUMBER IDENTIFIER
control field AM-YeHGA
005 - DATE AND TIME OF LATEST TRANSACTION
control field 20250617143413.0
008 - FIXED-LENGTH DATA ELEMENTS--GENERAL INFORMATION
fixed length control field 100610s1984 ru r 000 0 rus d
040 ## - CATALOGING SOURCE
Original cataloging agency AM-YeHGA
041 0# - LANGUAGE CODE
Language code of text/sound track or separate title rus
090 ## - LOCALLY ASSIGNED LC-TYPE CALL NUMBER (OCLC); LOCAL CALL NUMBER (RLIN)
-- 276156
245 00 - TITLE STATEMENT
Title Социальные проблемы совершенствования общества развитого социализма :
Remainder of title Межвузовский сборник научных трудов /
Statement of responsibility, etc. Владимир. гос. пед. ин-т им. П. И. Лебедева-Полянского; [Редкол.: В. С. Евликов (отв. ред.) и др.].
260 ## - PUBLICATION, DISTRIBUTION, ETC.
Place of publication, distribution, etc. Владимир :
Name of publisher, distributor, etc. ВГПИ,
Date of publication, distribution, etc. 1984.
300 ## - PHYSICAL DESCRIPTION
Extent 110 с. ;
Dimensions 20 см.
653 0# - INDEX TERM--UNCONTROLLED
Uncontrolled term Развитое социалистическое общество - Сборники
700 1# - ADDED ENTRY--PERSONAL NAME
Personal name Евликов, Владимир Сергеевич
Relator term ред.
Relationship edt
710 2# - ADDED ENTRY--CORPORATE NAME
Corporate name or jurisdiction name as entry element Владимирский государственный педагогический институт им. П.И. Лебедева-Полянского
Holdings
Withdrawn status Lost status Damaged status Not for loan Collection Home library Current library Date acquired Total checkouts Full call number Barcode Date last seen Price effective from Koha item type Public note
        General Fundamental Scientific Library Fundamental Scientific Library 29/12/2016   PII/536957 FL0162269 29/12/2016 29/12/2016 Գրքեր / Books 30 Days Loan


ՀՀ ԳԱԱ հիմնարար գիտական գրադարան
ՀՀ,Երևան 0019
Մարշալ Բաղրամյան 24/6
հեռախոս:(374-10) 52-47-50
Հետադարձ կապ

All site content, except where otherwise noted, is licensed under a
Creative Commons License